The Biology of the Laboratory Rabbit. (Record no. 6113)

MARC details
000 -LEADER
fixed length control field 00569nam a22001937a 4500
003 - CONTROL NUMBER IDENTIFIER
control field OSt
005 - DATE AND TIME OF LATEST TRANSACTION
control field 20180604184748.0
008 - FIXED-LENGTH DATA ELEMENTS--GENERAL INFORMATION
fixed length control field 180604b xxu||||| |||| 00| 0 eng d
020 ## - INTERNATIONAL STANDARD BOOK NUMBER
International Standard Book Number 0127421505
040 ## - CATALOGING SOURCE
Transcribing agency DDC
082 ## - DEWEY DECIMAL CLASSIFICATION NUMBER
Classification number 599.32 BIO 1974
100 ## - MAIN ENTRY--PERSONAL NAME
Personal name Edited by: Weisbroth H. Steven;Flatta E. Ronald;Kraus L. Allan
9 (RLIN) 12654
245 ## - TITLE STATEMENT
Title The Biology of the Laboratory Rabbit.
260 ## - PUBLICATION, DISTRIBUTION, ETC. (IMPRINT)
Place of publication, distribution, etc. New York;
Name of publisher, distributor, etc. Academic Press
Date of publication, distribution, etc. 1974
300 ## - PHYSICAL DESCRIPTION
Extent x,496p;
Other physical details ill,col;
Dimensions 27cm;
504 ## - BIBLIOGRAPHY, ETC. NOTE
Bibliography, etc References and Index are included
650 ## - SUBJECT ADDED ENTRY--TOPICAL TERM
Topical term or geographic name as entry element Biology
9 (RLIN) 12655
942 ## - ADDED ENTRY ELEMENTS (KOHA)
Source of classification or shelving scheme Dewey Decimal Classification
Koha item type Open Shelf
Holdings
Withdrawn status Lost status Source of classification or shelving scheme Damaged status Not for loan Home library Current library Date acquired Source of acquisition Inventory number Total Checkouts Full call number Barcode Date last seen Price effective from Koha item type
    Dewey Decimal Classification     MUST Main Library MUST Main Library 04/06/2018   11/34375   599.32 BIO 1974 2018-0263 04/06/2018 04/06/2018 Open Shelf